The last juror
A convicted rapist and murderer returns to Ford County, Mississippi, seeking revenge on the jurors who dared convict him.
Zapisane w:
| 1. autor: | |
|---|---|
| Format: | Książka |
| Język: | Undetermined |
| Wydane: |
New York
Random House Audio
2004
|
| Hasła przedmiotowe: | |
| Etykiety: |
Dodaj etykietę
Nie ma etykietki, Dołącz pierwszą etykiete!
|
| Thư viện lưu trữ: | Trung tâm Học liệu Trường Đại học Cần Thơ |
|---|
| LEADER | 00685nam a2200205Ia 4500 | ||
|---|---|---|---|
| 001 | CTU_187805 | ||
| 008 | 210402s9999 xx 000 0 und d | ||
| 082 | |a 428.24 | ||
| 082 | |b G869/Cas.4 | ||
| 100 | |a Grisham, John | ||
| 245 | 4 | |a The last juror | |
| 245 | 0 | |c John Grisham, Terrence Mann | |
| 260 | |a New York | ||
| 260 | |b Random House Audio | ||
| 260 | |c 2004 | ||
| 520 | |a A convicted rapist and murderer returns to Ford County, Mississippi, seeking revenge on the jurors who dared convict him. | ||
| 650 | |a English language,Ngôn ngữ Anh | ||
| 650 | |x Study and teaching,Học và dạy | ||
| 904 | |i Giang | ||
| 980 | |a Trung tâm Học liệu Trường Đại học Cần Thơ | ||